000 00541nam a2200169 i 4500
001 149740
003 ES-MaACL
005 20230906203233.0
007 t|
008 071024s1966 sp ||||1| spa d
100 1 _aVaughan, Richard P.
_9113316
245 1 0 _aEnfermedades mentales y vida religiosa /
_cRichard P. Vaughan ; traducción Jesús Florentino Díaz Prieto.
260 _aMadrid :
_bStudium,
_c[1966]
300 _a277 p. ;
_c21 cm.
700 1 _aDíaz Prieto, Jesús Florentino.
_944400
852 _aES-MaACL
_jC-30874
_bR.61379
999 _c149740
_d149740